| 000 | 00478nam a2200181Ia 4500 | ||
|---|---|---|---|
| 008 | 230711s9999||||xx |||||||||||||| ||und|| | ||
| 020 | _a978-1-25-900620-3 | ||
| 041 | _aENG | ||
| 082 |
_a621.3 _bSH-E |
||
| 100 | _aShukla,R K | ||
| 245 | 0 | _aElectrical Engineering materials | |
| 250 | _a1st Ed. | ||
| 260 |
_c2012 _aNew Delhi _bMcGraw Hill Education(India) Private Limited |
||
| 300 | _a11.37p. | ||
| 650 | _aElectrical Engineering | ||
| 700 | _aSingh,Archana | ||
| 942 | _cBK | ||
| 999 |
_c6236 _d6236 |
||